[Event "ALG Cup"]
[Site "El Harrach"]
[Date "2019.01.02"]
[Round "8"]
[White "Ferrah, Hacene"]
[Black "Bendamardji, Mahrez"]
[Result "1-0"]
[WhiteElo "1826"]
[BlackElo "1431"]
[PlyCount "92"]
[EventDate "2018.11.23"]
[EventType "swiss"]
[EventRounds "14"]
[EventCountry "ALG"]
[SourceTitle "CBM 189 Extra"]
[Source "ChessBase"]
[SourceDate "2019.06.03"]
[SourceVersion "1"]
[SourceVersionDate "2019.06.03"]
[SourceQuality "1"]

1. Nf3 Nf6 2. g3 Nc6 3. Bg2 e5 4. d3 d5 5. Nbd2 Be6 6. 0-0 Be7 7. a3 0-0 8. b4 a6 9. Bb2 Nd7 10. e4 d4 11. c4 h6 12. Qc2 Bg4 13. h3 Bh5 14. g4 Bg6 15. Rac1 Rc8 16. Qb3 h5 17. Nh2 Bg5 18. Rc2 Bxd2 19. Rxd2 hxg4 20. hxg4 Qh4 21. Qd1 a5 22. b5 Nd8 23. f4 exf4 24. Bxd4 Ne6 25. Bf2 Qe7 26. Qa1 Rcd8 27. Qc3 Ndc5 28. Re1 Qg5 29. d4 Nd7 30. Qh3 Qh6 31. Qc3 b6 32. e5 Ng5 33. d5 Rfe8 34. Bd4 Nf6 35. Rde2 Nfe4 36. Bxe4 Bxe4 37. Rxe4 Nxe4 38. Rxe4 g5 39. Bf2 Kh7 40. Qc2 Kg7 41. Bd4 Qh3 42. e6+ Kf8 43. exf7 Rxe4 44. Qxe4 Qxa3 45. Nf3 Qe7 46. Ne5 Rd6 1-0

[Event "ALG Cup"]
[Site "El Harrach"]
[Date "2018.11.24"]
[Round "3"]
[White "Bendamardji, Mahrez"]
[Black "Chekired, Okba"]
[Result "0-1"]
[WhiteElo "1431"]
[BlackElo "1460"]
[PlyCount "80"]
[EventDate "2018.11.23"]
[EventType "swiss"]
[EventRounds "14"]
[EventCountry "ALG"]
[SourceTitle "CBM 189 Extra"]
[Source "ChessBase"]
[SourceDate "2019.06.03"]
[SourceVersion "1"]
[SourceVersionDate "2019.06.03"]
[SourceQuality "1"]

1. e4 c6 2. d4 d5 3. Nc3 dxe4 4. Nxe4 Nf6 5. Ng3 g6 6. Nf3 Bg7 7. Bg5 h6 8. Be3 Nd5 9. Bd3 Bg4 10. h3 Bxf3 11. Qxf3 Qb6 12. Qg4 Nd7 13. Nh5 Bf6 14. Nxf6+ N7xf6 15. Qh4 Nxe3 16. fxe3 c5 17. 0-0 g5 18. Qf2 0-0 19. c3 Rad8 20. Rad1 Qc6 21. Rfe1 Nh5 22. Qf5 Nf6 23. Qxc5 Qxc5 24. dxc5 a5 25. Bb5 Rc8 26. b4 e6 27. e4 Rc7 28. a3 Ra8 29. a4 Kg7 30. Rd6 h5 31. e5 Nd5 32. c4 Nxb4 33. Red1 Rxc5 34. Rd7 b6 35. Rf1 Rf8 36. Rb7 Nd3 37. Rxb6 Nxe5 38. Rc1 Rfc8 39. Ra6 Nxc4 40. Bxc4 Rxc4 0-1

[Event "ALG-ch sf"]
[Site "Oran"]
[Date "2018.05.01"]
[Round "1"]
[White "Fellah, Mohamed Amine"]
[Black "Bendamardji, Mahrez"]
[Result "1-0"]
[WhiteElo "2095"]
[BlackElo "1414"]
[PlyCount "27"]
[EventDate "2018.05.01"]
[EventType "swiss"]
[EventRounds "9"]
[EventCountry "ALG"]
[SourceTitle "CBM 184 Extra"]
[Source "ChessBase"]
[SourceDate "2018.06.28"]
[SourceVersion "1"]
[SourceVersionDate "2018.06.28"]
[SourceQuality "1"]

1. e4 e5 2. Nf3 Nc6 3. Bb5 Bc5 4. 0-0 d6 5. c3 Bg4 6. d4 exd4 7. cxd4 Bb4 8. Qa4 Bd7 9. d5 Nd4 10. Nxd4 Bc5 11. Bxd7+ Qxd7 12. Qxd7+ Kxd7 13. Nc2 Nf6 14. Nc3 1-0